Efektivní nástroj k posílení finanční stability společnosti

Funkcie a možnosti interného auditu v poisťovniach a úlohy na ktoré by sa mal interný audit zamerať. ICP 2 Supervisor, ICP 7 Corporate Governance a ICP 8 Risk Management and Internal Controls. Efektívny nástroj k upevneniu stability a finančného zdravia spoločnosti.

Enregistré dans:
Détails bibliographiques
Auteur principal: Jurášová, Monika
Format: Chapitre de livre
Langue:tchèque
Sujets:
Tags: Ajouter un tag
Pas de tags, Soyez le premier à ajouter un tag!

MARC

LEADER 00000naa a2200000 4500
001 0178575
005 20220729111508.3
041 0 |a cze 
044 |a CZ 
245 1 0 |a Efektivní nástroj k posílení finanční stability společnosti  |c Monika Jurášová 
520 |a Funkcie a možnosti interného auditu v poisťovniach a úlohy na ktoré by sa mal interný audit zamerať. ICP 2 Supervisor, ICP 7 Corporate Governance a ICP 8 Risk Management and Internal Controls. Efektívny nástroj k upevneniu stability a finančného zdravia spoločnosti. 
610 2 0 |a poisťovníctvo 
610 2 0 |a trh poistný 
610 2 0 |a riziko poistné 
610 2 0 |a riadenie rizík 
610 2 0 |a poisťovne 
610 2 0 |a audit interný 
610 2 0 |a revízia 
100 1 |a Jurášová, Monika